LEADER 01473nam a2200265 i 4500 001 000000195970 003 CaOOAMICUS 005 20110110000000.0 008 110110n it u000 u ita u 013 $a174650 040 $aSeMil$bita 100 1 $aCazzullo, Carlo Lorenzo <1915-2010>.$0(OLS)http://semarc/name/52105 245 13$aLa dinamica del tentato suicidio nel periodo della crisi adolescenziale /$cC. L. Cazzullo ; A. Guareschi Cazzullo ; C. Ravasini. 260 $a[S.l.] :$bMinerva medica,$c[196?] 300 $aP. [357]-364 ;$c28 cm. 500 $aIn testa al front. : Clinica Psichiatrica dell'Università degli Studi di Milano, Direttore: Prof. Carlo L. Cazzullo. - In mezzo al front. : Estratto da "Annali di freniatria e scienze affini" vol. 77 n. 4, Pag. 358-364 (ottobre-dicembre 1964). - In copertina : Dedica autografa degli Autori. - Fondo Card. Giovanni Colombo. 650 4$aAdolescenti - Suicidio.$0(OLS)http://semarc/subject/24362 700 1 $aRavasini, Carlo.$0(OLS)http://semarc/name/2638 700 1 $aGuareschi Cazzullo, Adriana.$0(OLS)http://semarc/name/65651 850 $aSeMil 852 $aSeMil$W1$xVenegono$y1$m5D XI 18/6$j146537$B146537$CSeMilBibl$Z2$F157999 $81 941 1 $a3 961 $aLascito: Colombo Card. Giovanni 996 $6245$aLa dinamica del tentato suicidio nel periodo della crisi adolescenziale$9(OLS)http://semarc/title/282901 996 $6260$a[S.l.] :$bMinerva medica$9(OLS)http://semarc/publisher/50806 LEADER 01216nam a2200253 i 4500 001 000000071482 003 CaOOAMICUS 005 20081204000000.0 008 081204s1954 it u000 u mul u 013 $a42654 040 $aSeMil$bita 100 1 $aWittgenstein, Ludwig,$d<1889-1951>.$0(OLS)http://semarc/name/6443 245 10$aTractatus logico-philosophicus /$cLudwig Wittgenstein ; testo originale, versione italiana a fronte, introduzione critica e note a cura di G. C. M. Colombo. 260 $aRoma ; Milano :$bFratelli Bocca,$c[1954] 300 $a319 p. ;$c26 cm. 490 0 $aArchivum philosophicum Aloisianum. Ser. 3 ;$v1 650 4$aWittgenstein, Ludwig . Tractatus logico-philosophicus.$0(OLS)http://semarc/subject/13833 700 1 $aColombo, Gian Carlo Maria .$0(OLS)http://semarc/name/90907 830 0$aArchivum philosophicum Aloisianum. Ser. 3 ;$v1.$0(OLS)http://semarc/title/18784 850 $aSeMil 852 $aSeMil$W1$xVenegono$y1$m2P IV 192$j37635$B37635$CSeMilBibl$Z2$F37638 $81 961 $aOmaggio: Altro 996 $6245$aTractatus logico-philosophicus$9(OLS)http://semarc/title/114949 996 $6260$aRoma ; Milano :$bFratelli Bocca$9(OLS)http://semarc/publisher/32398